agter die skerms(take one) (Record no. 675063)

MARC details
000 -LEADER
fixed length control field 00289nam a2200109Ia 4500
008 - FIXED-LENGTH DATA ELEMENTS--GENERAL INFORMATION
fixed length control field 220630s9999 xx 000 0 und d
020 ## - INTERNATIONAL STANDARD BOOK NUMBER
International Standard Book Number <a href="978 07963 1019 4">978 07963 1019 4</a>
082 ## - DEWEY DECIMAL CLASSIFICATION NUMBER
Classification number AF KING
942 ## - ADDED ENTRY ELEMENTS
Modifier ID
Modifier Name CRON CRON
100 ## - MAIN ENTRY--PERSONAL NAME
Personal name Kingsbury, Karen
245 #0 - TITLE STATEMENT
Title agter die skerms(take one)
942 ## - ADDED ENTRY ELEMENTS
item type Books
Holdings
Withdrawn status Lost status Damaged status Not for loan Home library Current library Date acquired Cost, normal purchase price Total Checkouts Barcode Date last seen Price effective from item type Public note
        Hendrina PL (MMID-PLST-HEND) Hendrina PL (MMID-PLST-HEND) 23.06.2022 140.00   33089000240709 23.06.2022 23.06.2022 Books 1615H
        Nasaret PL (MMID-PLST-NASA) Nasaret PL (MMID-PLST-NASA) 02.07.2022 144.95   33809000338603 02.07.2022 02.07.2022 Books 798/15